Statistics for Biggest Cities In India

Click here to take the quiz!

General Stats

  • This quiz has been taken 9 times
  • The average score is 10 of 20

Answer Stats

State/Union TeritorriesAnswer% Correct
DelhiNew Delhi
100%
KarnatakaBengaluru/Banglore
89%
Tamil NaduChennai
89%
TelanganaHyderabad
89%
West BengalKolkatta/Calcutta
89%
RajasthanJaipur
78%
MaharastraMumbai
78%
Madhya PradeshBhopal
67%
Madhya PradeshPune
67%
Uttar PradeshLucknow
56%
Jammu & KashmirSrinagar
56%
Punjab/Haryana/ChandigarhChandigarh
33%
Jammu & KashmirJammu
22%
LadakhLeh
22%
Tamil NaduMadurai
22%
GoaPanaji
11%
Puducherry/PondicherryPuducherry/Pondicherry
11%
Tamil NaduThanjavur
11%
Andhra PradeshAmaravati
0%
KarnatakaMangalore
0%

Score Distribution

Percentile by Number Answered

Percent of People with Each Score

Your Score History

You have not taken this quiz